Movies Quiz

Random Movies or Actress Quiz

Same Role Oscar Nominations Quiz Stats

 Plays Quiz Updated Feb 23, 2018

Score 0/12 Timer 05:00
9 Plays Today
% Correct
Rocky
97.7%
The Godfather
95.8%
The Godfather: Part II
93.8%
Creed
77.2%
Elizabeth
77.2%
The Color of Money
64.1%
The Hustler
58.7%
Elizabeth: The Golden Age
36.9%
The Lion in Winter
32.6%
Going My Way
32.6%
The Bells of St. Mary's
23.7%
Becket
17.8%

You're not logged in!

Compare scores with friends on all Sporcle quizzes.
OR
Log In

You Might Also Like...

Show Comments

Extras

Top Quizzes Today


Score Distribution

Your Account Isn't Verified!

In order to create a playlist on Sporcle, you need to verify the email address you used during registration. Go to your Sporcle Settings to finish the process.

Report this User

Report this user for behavior that violates our Community Guidelines.

Details: